000 00524cam a22002171 4500
001 sa 65003429
003 DLC
005 20260227112123.0
008 890619s1964 ii 000 0 pano
010 _asa 65003429
035 _a(OCoLC)19890280
040 _aDLC
_cWaU
_dDLC
042 _apremarc
050 0 0 _aPK2659.B37
_bZ84
100 1 _aSingala, Dharama Pāla.
245 0 0 _aBāwā Balawanta.
260 _c[1964]
300 _a191 p.
_c23 cm.
500 _aIn Panjabi.
600 1 0 _aBawa, Balwant,
_d1915-1972.
999 _c63149
_d63149